000 00854nam a22002777a 4500
001 5068
003 FISKH
005 20241104155847.0
008 241104b cb ||||| |||| 00| 0 eng d
020 _a9780141301204
040 _aFISKH
_beng
_cFISKH
_dFISKH
050 _aF334.M753
082 _a323.092
100 _aParks, Rosa
245 _aRosa Parks :
_bMy Story /
_cby Rosa Parks with Jum Haskins
260 _aNew York :
_bPuffin Books ;
_c1992 .
300 _a192 pages :
_billustrations ;
_c20 cm .
505 _aZ
520 _aRosa Park's life story reveals the deliberate choices she made that earned her the title "Mother to a Movement."
521 8 _a970
_bLexile
521 8 _aZ
_bRaz-Plus
650 _aRosa Parks
_vnon-fiction
700 _aHaskins, Jim
_eillustrator
942 _2ddc
_cBK
_n0
999 _c5068
_d5068